| Tag |
First Indicator |
Second Indicator |
Subfields |
| LEADER |
00000cam a2200000 a 4500 |
| 001 |
in00002139683 |
| 006 |
m e d # |
| 007 |
cr mn mmmmabba |
| 008 |
811110s1751 mau s 000 0 eng d |
| 005 |
20260331143405.1 |
| 035 |
|
|
|z w013523
|
| 035 |
|
|
|a MAAR8111103705B
|
| 035 |
|
|
|9 mwa91-7080
|
| 035 |
|
|
|a 320884
|
| 035 |
|
|
|a aas03013523
|
| 040 |
|
|
|a MWA
|c MWA
|e bdrb
|d UtOrBLW
|
| 245 |
0 |
2 |
|a A Letter to the Reverend Mr. Hobby :
|b in answer to his Vindication of the protest, against the Result of an ecclesiastical council met at Northampton &c. : [Two lines from Proverbs].
|
| 264 |
|
3 |
|a Boston :
|b Printed and sold by S. Kneeland opposite the prison in Queen-Street,
|c 1751.
|
| 300 |
|
|
|a 2 unnumbered pages, 26 pages ;
|c 20 cm. (quarto)
|
| 336 |
|
|
|a text
|b txt
|2 rdacontent
|
| 337 |
|
|
|a computer
|b c
|2 rdamedia
|
| 338 |
|
|
|a online resource
|b cr
|2 rdacarrier
|
| 500 |
|
|
|a Signed on page 26: Robert Breck [and 3 others].
|
| 510 |
4 |
|
|a Evans
|c 6645
|
| 530 |
|
|
|a Microform version available in the Readex Early American Imprints series.
|
| 533 |
|
|
|a Electronic text and image data.
|b [Chester, Vt. :
|c Readex, a division of Newsbank, Inc.,
|d 2002-2004.
|e Includes files in TIFF, GIF and PDF formats with inclusion of keyword searchable text.
|f (Early American imprints. First series ; no. 6645).
|
| 500 |
|
|
|a Electronic resource.
|
| 600 |
1 |
0 |
|a Edwards, Jonathan,
|d 1703-1758.
|
| 600 |
1 |
0 |
|a Hobby, William,
|d 1707-1765.
|t Vindication of the protest.
|
| 610 |
2 |
0 |
|a Church of Christ (Northampton, Mass.)
|
| 630 |
0 |
0 |
|a Result of an ecclesiastical council of nine churches met at Northampton June 22.
|f 1750.
|
| 650 |
|
0 |
|a Congregational churches
|z Massachusetts
|x Government.
|
| 700 |
1 |
|
|a Breck, Robert,
|d 1713-1784.
|
| 752 |
|
|
|a United States
|b Massachusetts
|d Boston.
|
| 830 |
|
0 |
|a Early American imprints.
|n Series I,
|p Evans (1639-1800) ;
|v no. 6645.
|
| 856 |
4 |
1 |
|u http://proxy.library.tamu.edu/login?url=https://opac.newsbank.com/select/evans/6645
|y Evans Digital Edition
|t 0
|
| 999 |
|
|
|a MARS
|
| 999 |
f |
f |
|s b2aab282-d5e8-3668-9e22-3383a655e7fc
|i 72360a92-95ab-3820-bb29-d26a8c1bdee2
|t 0
|
| 952 |
f |
f |
|a Texas A&M University
|b College Station
|c Electronic Resources
|s www_evans
|d Available Online
|t 0
|h No information provided
|
| 998 |
f |
f |
|t 0
|l Available Online
|